| 000 | 00405nam a2200121Ia 4500 | ||
|---|---|---|---|
| 008 | 220512s9999 xx 000 0 eng d | ||
| 100 | _aMahathi, A | ||
| 245 | 0 |
_a Competition,Strategic Delegation and Delay in Technology Adoption / _cMahathi, A and Pal, Rupayan |
|
| 260 |
_aMumbai : _bIndira Gandhi Institute of Development Research, _cAug-13 |
||
| 546 | _aEnglish | ||
| 700 | _aPal, Rupayan | ||
| 942 | _cPR | ||
| 999 |
_c36815 _d36815 |
||